The foundations of the public schools of South Carolina, (Record no. 20896)
[ view plain ]
| 000 -LEADER | |
|---|---|
| fixed length control field | 00620cam a22002051 4500 |
| 001 - CONTROL NUMBER | |
| control field | e 28000004 |
| 003 - CONTROL NUMBER IDENTIFIER | |
| control field | DLC |
| 005 - DATE AND TIME OF LATEST TRANSACTION | |
| control field | 20260227111218.0 |
| 008 - FIXED-LENGTH DATA ELEMENTS--GENERAL INFORMATION | |
| fixed length control field | 761007s1925 scu 000 0 eng |
| 010 ## - LIBRARY OF CONGRESS CONTROL NUMBER | |
| LC control number | e 28000004 |
| 035 ## - SYSTEM CONTROL NUMBER | |
| System control number | (OCoLC)2486891 |
| 040 ## - CATALOGING SOURCE | |
| Original cataloging agency | DLC |
| Transcribing agency | ScU |
| Modifying agency | ScU |
| -- | OCoLC |
| -- | DLC |
| 042 ## - AUTHENTICATION CODE | |
| Authentication code | premarc |
| 050 00 - LIBRARY OF CONGRESS CALL NUMBER | |
| Classification number | LA361 |
| Item number | .T45 |
| 100 1# - MAIN ENTRY--PERSONAL NAME | |
| Personal name | Thomason, John Furman, |
| Dates associated with a name | 1878- |
| 245 14 - TITLE STATEMENT | |
| Title | The foundations of the public schools of South Carolina, |
| Statement of responsibility, etc. | by John Furman Thomson. |
| 260 ## - PUBLICATION, DISTRIBUTION, ETC. | |
| Place of publication, distribution, etc. | Columbia, S.C. , |
| Name of publisher, distributor, etc. | The State Company, |
| Date of publication, distribution, etc. | 1925. |
| 300 ## - PHYSICAL DESCRIPTION | |
| Extent | 237, [1] p. |
| Dimensions | 21 cm. |
| 650 #0 - SUBJECT ADDED ENTRY--TOPICAL TERM | |
| Topical term or geographic name entry element | Public schools |
| Geographic subdivision | South Carolina. |
No items available.